Seconde Guerre Mondiale: une Guerre Totale. - Statistiques

Statistiques générales
  • Ce quiz a été pris 52 fois
    30 depuis la dernière actualisation
  • Le résultat moyen est 5 sur 8
Statistiques - réponses
Question Réponse % Correct
Quelle catégorie d'armes sera développée par les États - Unis et larguée sur les villes d' Hiroshima et Nagasaki, les 6 et 9 Août 1945? Les Bombes Atomiques.
93%
Quelles idéologies les Alliés souhaiteraient répandre à l'aide de cette propagande? Défendre la Démocratie et les Libertés / Défendre le Communisme.
89%
En usant d'une Propagande considérable, quelle nouvelle guerre les deux Alliances de menèrent - elles? Une Guerre d' Idéologies.
85%
En quoi consiste l' Économie de Guerre? Reconversion des Usines afin de produire de l' Armement.
67%
Quel surnom était donné aux Fusées Allemandes, ancêtre des Missiles? V1 et V2.
67%
Quelles populations s' engagent en conséquent au sein des Usines d' Armement afin de remplacer les Hommes? Uniquement les Femmes.
56%
Qu'est - ce qu'une Guerre Totale? Mobilisation de toutes les sociétés dans tous les domaines afin de remporter la guerre.
52%
Au total, combien de soldats seront envoyés sur le Champ de Bataille? 90 Millions.
30%
Aucun quiz correspondant
Distribution des résultats
% des personnes avec chaque résultat
Percentile par nombre de réponses
Votre historique - résultats
Vous n’avez pas pris ce quiz depuis la dernière actualisation